Soccer Teams from the Top 6 European Leagues - Statistics

General Stats
  • This quiz has been taken 118 times
    72 since last reset
  • The average score is 53 of 117
Answer Stats
Hint Answer % Correct
The Gunners Arsenal
97%
Stadium: Stamford Bridge Chelsea
97%
Pep as Manager Manchester City
97%
The Red Devils Manchester United
97%
Most Recent EPL Champions Liverpool
95%
Current LaLiga Champions Real Madrid
93%
Messi's Team Barcelona
92%
Mourinho as Manager Tottenham Hotspur
90%
2015/16 Winners Leicester City
88%
The Second Madrid Team Atletico Madrid
85%
The Hammers West Ham United
85%
Current Ligue 1. Champions PSG
83%
The Toffees Everton
82%
Based in Birmingham Aston Villa
78%
2019/20 Bundesliga Runners-Up Borussia Dortmund
78%
The Wanderers Wolverhampton Wanderers
78%
2019/20 Bundesliga Champions Bayern Munich
77%
Ronaldo's Team Juventus
77%
Stadium: San Siro Inter Milan
75%
Ronaldinho's Old Club Milan
73%
Maradona's Old Club Napoli
73%
I Giallorossi Roma
73%
The Saints Southampton
73%
LOSC ____ LOSC Lille
72%
Produced Alan Shearer Newcastle United
72%
RB ______ RB Leipzig
72%
Olympique _____ Lyon (O.L)
70%
The Seagulls Brighton and Hove Albion
68%
This Club is Based in South London Crystal Palace
68%
Ligue 1 Runners Up 2019/20 Marseille
68%
Los Ches Valencia F.C
68%
Stadium: Ramon Sanchez-Pizjuan Stadium Sevilla F.C
67%
Immobile's Club Lazio
65%
2019/20 Liga NOS Champions Porto
65%
Les Monegasques AS Monaco
63%
Emery as Manager Villarreal
63%
Verde e Brancos Sporting CP
62%
Die Wolfe Wolfsburg
62%
2019/20 Liga NOS Runner-Ups Benfica
58%
Won the EFL Championship Playoffs in 2019/20 Fulham
57%
____ Frankfurt Eintracht Frankfurt
55%
RBB Real Betis
55%
Juve's Rivals Torino
55%
The Eternal Bridesmaids Bayer 04 Leverkusen
53%
Bielsa as Manager Leeds United
53%
The Blades Sheffield United
53%
Qualified for the UCL for the First Time in Their History In 2018/19 Atalanta
52%
Stadium: Turf Moor Burnley
52%
Les Rennais Rennes
52%
Iago Aspas Plays Here Currently Celta Vigo
50%
Viola Fiorentina
48%
Die Knappen FC Schalke 04
47%
Stadium: Anoeta Stadium Real Sociedad
47%
Die Fohlen Borussia Monchengladbach
43%
One of Balotelli's Clubs in 18-19 OGC Nice
43%
Die Werderaner Werder Bremen
43%
Blucerchiati Sampdoria
42%
Deportivo ____ Alaves
40%
Arsenalistas Braga
40%
The Baggies West Bromwich Albion
40%
Les Canaris Nantes
38%
Les Verts Saint-Etienne
38%
La Dotta Bologna
37%
Les Girondins Bordeaux
37%
I Neroverdi Sassuolo
37%
Bundesliga 2. Runners Up 2019/20 VfB Stuttgart
37%
Nazaríes Granada F.C
35%
I Gialloblu Hellas Verona
35%
Die Alte Dame Hertha BSC
35%
Die Geißböcke Koln
35%
I Bianconeri Udinese
35%
_____ Bilbao Athletic Club
33%
The Only Sardinian Club in the Serie A Cagliari
33%
La Superba Genoa
33%
Granota Levante
33%
Pucela Real Valladolid
33%
Die Nullfunfer Mainz
32%
La Surdouee Montpellier
32%
Stadium: Ennio Tardini Stadium Parma
32%
Azulones Getafe F.C
30%
2019/20 Was Their First Top-Flight Season Union Berlin
30%
Los Rojillos Osasuna
28%
Breisgau-Brasilianer SC Freiburg
28%
Die Kraichgauer TSG 1899 Hoffenheim
28%
Ligue 2 Runners Up 2019/20 Lens
27%
Aquilotti Spezia
25%
As Panteras Boavista
23%
Fuggerstadt Augsberg
22%
2018/19 Dominos Ligue 2. Runners-Up Brest
22%
El Submarino Amarillo Cadiz CF
22%
Los Ilicitanos Elche FC
20%
Le Rouge et Blanc Stade de Reims
20%
Les Scoistes Angers SCO
18%
Les Moutardes Dijon FCO
18%
Los Armeros Eibar
18%
2018/19 Dominos Ligue 2. Champions Metz
18%
Le Racing Strasbourg
18%
Gli Stregoni Benevento
17%
Ligue 2 Champions 2019/20 FC Lorient
17%
Les Crocodiles Nimes
17%
Stadium: Estádio do Marítimo Maritimo
15%
Stadium: Estádio Municipal de Portimão Portimonense
13%
Rio Grande Rio Ave
13%
Vitoria de _____ Setubal
13%
____ Sport Clube Vitoria
13%
Os Pastéis Belenenses
12%
Arminia _____ Bielefield
10%
Stadium: Madeira Stadium Nacional
10%
Os Açoreanos Santa Clara
10%
2018/19 LigaPro Runner-Ups Famalicao
8%
Os Verdes e Brancos Moreirense
8%
2018/19 LigaPro Champions Pacos Ferreira
8%
Stadium: Estádio Cidade de Barcelos Gil Vicente
7%
Clube Desportivo de ______ C.D Tondela
3%
Lo Squalo Calabrese Crotone
3%
Stadium: Estadio El Alcoraz SD Huesca
3%
Stadium: Estádio de São Luís Farence
0%
No matching quizzes found
Score Distribution
Percent of People with Each Score
Percentile by Number Answered
Your Score History
You have not taken this quiz since the last reset